Fill in the Black (Christmas Edition) - Statistics

General Stats
  • This quiz has been taken 95 times
    84 since last reset
  • The average score is 20 of 29
Answer Stats
Hint Answer % Correct
All I Want ____ Christmas is You For
100%
It's the Most _________ Time of the Year Wonderful
99%
_____ _____ is Coming to Town Santa Claus
97%
Rockin' _____ the Christmas Tree Around
96%
Feliz ____________ Navidad
96%
_________ the Red-Nosed Reindeer Rudolph
90%
We _____ You a Merry Christmas Wish
90%
____ It's Cold Outside Baby
89%
________ the Snowman Frosty
87%
You Make It Feel Like ___________ Christmas
84%
It's __________ to Look a Lot Like Christmas Beginning
83%
O Come, All __ Faithful Ye
83%
Little _______ Boy Drummer
81%
______ Night Silent
80%
O ____ Night Holy
79%
___ to the World Joy
76%
What Christmas _____ To Me Means
74%
___________ Got Run Over by a Reindeer Grandma
70%
______ Christmas White
66%
God Rest Ye Merry _________ Gentlemen
64%
Happy Christmas ( ___ is Over) War
64%
You're a Mean One, ____________ Mr. Grinch
59%
Go Tell it on the ________ Mountain
53%
________ of the Bells Carol
33%
A _____ _____ Christmas Holly Jolly
27%
__________ the Tree Underneath
20%
Santa Claus is ______ in Town Back
14%
Guess the Christmas Movie Quote: "I don't go "Ho-ho-ho". That's a myth. Fake news!" Christmas Chronicles
7%
The ________ Song Chipmunk
6%
No matching quizzes found
Score Distribution
Percent of People with Each Score
Percentile by Number Answered
Your Score History
You have not taken this quiz since the last reset